|
|
|
|
| LEADER |
00000nam0a2200000 4500 |
| 001 |
363886 |
| 005 |
20231102011631.0 |
| 035 |
|
|
|a (RuTPU)RU\TPU\retro\21235
|
| 090 |
|
|
|a 363886
|
| 100 |
|
|
|a 20211014d1980 km y0rusy50 ca
|
| 101 |
0 |
|
|a rus
|
| 102 |
|
|
|a GE
|
| 105 |
|
|
|a a z 001zy
|
| 200 |
1 |
|
|a Кора выветривания горных пород восточной части Южного склона Большого Кавказа (в пределах Грузии)
|f Э. А. Джавахишвили
|g Академия наук Грузинской ССР
|
| 210 |
|
|
|a Тбилиси
|c Мецниереба
|d 1980
|
| 215 |
|
|
|a 144 с.
|c ил.
|
| 320 |
|
|
|a Библиогр.: с. 136-141
|
| 606 |
1 |
|
|a Кора выветривания
|2 stltpush
|3 (RuTPU)RU\TPU\subj\15679
|9 41899
|
| 610 |
1 |
|
|a Большой Кавказ
|
| 610 |
1 |
|
|a горные породы
|
| 610 |
1 |
|
|a выветривание
|
| 610 |
1 |
|
|a факторы
|
| 610 |
1 |
|
|a инженерно-геологическая характеристика
|
| 610 |
1 |
|
|a литогенез
|
| 610 |
1 |
|
|a генетические типы
|
| 610 |
1 |
|
|a инженерно-геологические свойства
|
| 610 |
1 |
|
|a трещиноватость
|
| 610 |
1 |
|
|a гравитационные процессы
|
| 610 |
1 |
|
|a зарождение
|
| 675 |
|
|
|a 551.311.231
|v 4
|
| 700 |
|
1 |
|a Джавахишвили
|b Э. А.
|
| 712 |
0 |
2 |
|a Академия наук Грузинской ССР
|2 stltpush
|3 (RuTPU)RU\TPU\col\6041
|9 24206
|
| 801 |
|
1 |
|a RU
|b 63413507
|c 20211014
|
| 801 |
|
2 |
|a RU
|b 63413507
|c 20211014
|g RCR
|
| 942 |
|
|
|c BK
|